60 Second SPORCLE Blitz: SNL Cast Quiz Stats

 Plays Quiz Updated Sep 3, 2018

Score 0/7 Timer 01:00
1 Play Today
Letter SNL Cast Surname % Correct
SSamberg
78.6%
CCahill
71.9%
RRadner
61%
PParnell
60.2%
OO'Brien
43.7%
LLaurance
25.2%
EEbersole
18.9%

You're not logged in!

Compare scores with friends on all Sporcle quizzes.
OR
Log In

Sporcle TV

Today on Sporcle TV


Watch our educational content, quiz creation guides, and fun videos on Sporcle TV.

Show Comments

Extras

Top Quizzes Today


Score Distribution

Your Account Isn't Verified!

In order to create a playlist on Sporcle, you need to verify the email address you used during registration. Go to your Sporcle Settings to finish the process.

Report this User

Report this user for behavior that violates our Community Guidelines.

Details: